000 00602nam a2200205Ia 4500
003 OSt
005 20250304164436.0
008 210210b1999 xxu||||| |||| 00| 0 eng d
040 _cAL
041 _aKannada
082 _aK894.4 KARN
100 _aKARNATAKA KANNADI
_dಕರ್ನಾಟಕ ಕನ್ನಡಿ
_9203902
245 _aKarnataka kannadi
_bಕರ್ನಾಟಕ ಕನ್ನಡಿ
260 _aHampi
_bKannada Vishvavidyalaya
_c1999
300 _axii,184
650 _aKannada dharma Kannada kale
_9203903
690 _aKannada Prose
_9203904
906 _aSG03497
942 _2ddc
_cSG
999 _c114324
_d114324